|
|
|
|
| LEADER |
01512nam a2200361 a 4500 |
| 001 |
mzk03001067435 |
| 003 |
CZ BrMZK |
| 005 |
20200717152812.0 |
| 007 |
ta |
| 008 |
081219s1630 ne fr|||||00| ||latod |
| 040 |
|
|
|a BOA001
|b cze
|
| 072 |
|
7 |
|a 094
|x Staré tisky
|2 Konspekt
|9 12
|
| 080 |
|
|
|a (0.068)094
|2 MRF
|
| 100 |
1 |
|
|a Thou, Jacques-Auguste de,
|d 1553-1617
|7 mzk2007395174
|4 aut
|
| 245 |
1 |
0 |
|a Rvssia seu Moscovia itemque Tartaria Commentario Topographico atque politico illustratae
|
| 260 |
|
|
|a Lvgd. Batavorvm :
|b Ex officina Elzeviriana,
|c 1630
|
| 300 |
|
|
|a [8], 345, [18] s. ;
|c 8°
|
| 500 |
|
|
|a Výzdoba: Mědirytinová titulní strana, vlysy, iniciály, viněty
|
| 501 |
|
|
|a Přívazek k: Respublica, Sive Status Regni Poloniae ... / Jacques-Auguste de Thou
|
| 653 |
|
|
|a Rusko - popisy
|
| 655 |
|
7 |
|a staré tisky
|7 fd422076
|2 czenas
|
| 700 |
1 |
|
|a Boxhorn, Marcus Zuerius,
|d 1612-1653
|7 jo2003188211
|4 aut
|
| 856 |
4 |
1 |
|u https://imageserver.mzk.cz/mzk03/001/067/435/001067435
|y Digitalizovaný dokument
|z titulní list
|
| 856 |
4 |
2 |
|u http://mdz-nbn-resolving.de/urn:nbn:de:bvb:12-bsb11249866-1
|y Digitalizovaný dokument
|z exemplář Staats- und Stadtbibliothek Augsburg, sign. Gs 8248
|
| 903 |
|
|
|a RP
|
| 910 |
|
|
|a BOA001
|b STS-0004.736,přív.
|
| 978 |
|
|
|b Elzevier - dílna
|a Leiden
|c 1630
|
| 984 |
|
|
|a Leiden
|b Nizozemsko
|
| 985 |
|
|
|a 1601-1650
|
| 990 |
|
|
|a BK
|
| 993 |
|
|
|a Y
|
| 991 |
|
|
|k mzk
|
| 994 |
|
|
|a UP
|l MZK03
|b 000457060
|m přívazek
|n záznam 1. díla (pro objednání pokračujte kliknutím)
|